| 000 | 00424 a2200157 4500 | ||
|---|---|---|---|
| 001 | 91934 | ||
| 020 | _a9783709011116 | ||
| 082 | _a620.118 ABR | ||
| 090 |
_c43882 _d43881 |
||
| 100 | _aSerge Abrate | ||
| 245 |
_aImpact Engineering of Composite Structures _cAbrate, Serge |
||
| 260 |
_aUSA _bSppringer Wien _c2011 |
||
| 300 |
_aviii, 403 _bPb |
||
| 500 | _aDOS textbook | ||
| 610 | _aCISM courses and lectures, vol 526 | ||
| 942 |
_aCAE NUST _k620.118 ABR |
||
| 999 |
_c327007 _d327007 |
||